000 00297nam a2200121Ia 4500
008 190216s9999||||xx |||||||||||||| ||und||
100 _aUma G Gupta
245 0 _aManagement Information Systems
260 _bGalgotia Publication Pvt Ltf
_c1998
300 _a637p
650 _aCommerce
942 _cBK
999 _c5946
_d5946